Bồi dưỡng văn năng khiếu 5 Tư liệu tham khảo dành cho phụ huynh và giáo viên
v.v...
Đã lưu trong:
| Tác giả chính: | |
|---|---|
| Định dạng: | Sách |
| Năm xuất bản: |
TP. Hồ Chí Minh
Đại học Quốc gia
2006
|
| Chủ đề: | |
| Tags: |
Thêm thẻ
Không có thẻ, Hãy là người đầu tiên gắn thẻ bản ghi này!
|
| LEADER | 02682nam a2200313 4500 | ||
|---|---|---|---|
| 999 | |c 11010 |d 11010 | ||
| 082 | |a 372.623 |b TH103Q | ||
| 100 | |a Thái Quang Vinh | ||
| 245 | |a Bồi dưỡng văn năng khiếu 5 |c Thái Quang Vinh, Trần Đức Niềm, Lê Thị Nguyên biên soạn, tuyển chọn và giới thiệu |b Tư liệu tham khảo dành cho phụ huynh và giáo viên | ||
| 260 | |a TP. Hồ Chí Minh |b Đại học Quốc gia |c 2006 | ||
| 300 | |a 132 tr. |c 24 cm. | ||
| 520 | |a v.v... | ||
| 653 | |a Giáo dục tiểu học | ||
| 653 | |a Tập làm văn | ||
| 653 | |a Lớp 5 | ||
| 942 | |2 ddc |c STK0 | ||
| 952 | |0 0 |1 0 |2 ddc |4 0 |6 372_623000000000000_TH103Q |7 0 |8 300 |9 94796 |a qbu |b qbu |c D2 |d 2015-09-29 |g 16000 |o 372.623 TH103Q |p 10920.c1 |r 0000-00-00 |w 2015-09-29 |y STK0 | ||
| 952 | |0 0 |1 0 |2 ddc |4 0 |6 372_623000000000000_TH103Q |7 0 |8 300 |9 94797 |a qbu |b qbu |c D2 |d 2015-09-29 |g 16000 |o 372.623 TH103Q |p 10920.c2 |r 0000-00-00 |w 2015-09-29 |y STK0 | ||
| 952 | |0 0 |1 0 |2 ddc |4 0 |6 372_623000000000000_TH103Q |7 0 |8 300 |9 94798 |a qbu |b qbu |c D2 |d 2015-09-29 |g 16000 |o 372.623 TH103Q |p 10920.c3 |r 0000-00-00 |w 2015-09-29 |y STK0 | ||
| 952 | |0 0 |1 0 |2 ddc |4 0 |6 372_623000000000000_TH103Q |7 0 |8 300 |9 94799 |a qbu |b qbu |c D2 |d 2015-09-29 |g 16000 |o 372.623 TH103Q |p 10920.c4 |r 0000-00-00 |w 2015-09-29 |y STK0 | ||
| 952 | |0 0 |1 0 |2 ddc |4 0 |6 372_623000000000000_TH103Q |7 0 |8 300 |9 94800 |a qbu |b qbu |c D2 |d 2015-09-29 |g 16000 |o 372.623 TH103Q |p 10920.c5 |r 0000-00-00 |w 2015-09-29 |y STK0 | ||
| 952 | |0 0 |1 0 |2 ddc |4 0 |6 372_623000000000000_TH103Q |7 0 |8 300 |9 94801 |a qbu |b qbu |c D2 |d 2015-09-29 |g 16000 |o 372.623 TH103Q |p 10920.c6 |r 0000-00-00 |w 2015-09-29 |y STK0 | ||
| 952 | |0 0 |1 0 |2 ddc |4 0 |6 372_623000000000000_TH103Q |7 0 |8 300 |9 94802 |a qbu |b qbu |c D2 |d 2015-09-29 |g 16000 |o 372.623 TH103Q |p 10920.c7 |r 0000-00-00 |w 2015-09-29 |y STK0 | ||
| 952 | |0 0 |1 0 |2 ddc |4 0 |6 372_623000000000000_TH103Q |7 0 |8 300 |9 94803 |a qbu |b qbu |c D2 |d 2015-09-29 |g 16000 |o 372.623 TH103Q |p 10920.c8 |r 0000-00-00 |w 2015-09-29 |y STK0 | ||
| 952 | |0 0 |1 0 |2 ddc |4 0 |6 372_623000000000000_TH103Q |7 0 |8 300 |9 94804 |a qbu |b qbu |c D2 |d 2015-09-29 |g 16000 |o 372.623 TH103Q |p 10920.c9 |r 0000-00-00 |w 2015-09-29 |y STK0 | ||
| 952 | |0 0 |1 0 |2 ddc |4 0 |6 372_623000000000000_TH103Q |7 0 |8 300 |9 94805 |a qbu |b qbu |c D2 |d 2015-09-29 |g 16000 |o 372.623 TH103Q |p 10920.c10 |r 0000-00-00 |w 2015-09-29 |y STK0 | ||
| 952 | |0 0 |1 0 |2 ddc |4 0 |6 372_623000000000000_TH103Q |7 0 |8 300 |9 94806 |a qbu |b qbu |c D2 |d 2015-09-29 |g 16000 |o 372.623 TH103Q |p 10920.c11 |r 0000-00-00 |w 2015-09-29 |y STK0 | ||
| 952 | |0 0 |1 0 |2 ddc |4 0 |6 372_623000000000000_TH103Q |7 0 |8 300 |9 94807 |a qbu |b qbu |c D2 |d 2015-09-29 |g 16000 |o 372.623 TH103Q |p 10920.c12 |r 0000-00-00 |w 2015-09-29 |y STK0 | ||
| 952 | |0 0 |1 0 |2 ddc |4 0 |6 372_623000000000000_TH103Q |7 0 |8 300 |9 94808 |a qbu |b qbu |c D2 |d 2015-09-29 |g 16000 |o 372.623 TH103Q |p 10920.c13 |r 0000-00-00 |w 2015-09-29 |y STK0 | ||